Southville International School and Colleges
Your cart is empty.
  • Cart
  • Lists
    Public lists Eva Luna New books Lux_list list_1
    Your lists Log in to create your own lists
  • Log in to your account
  • Your cookies
  • Search history
Southville International School and Colleges
  • Advanced search
  • Recent comments
  • Most popular
  • Libraries

Log in to your account

Log in with GOOGLE


If you do not have an external account, but do have a local account, you can still log in:

  1. Home
  2. MARC view: Brunner & Suddarth's textbook of medical surgical nursing /
Normal view MARC view ISBD view

Brunner & Suddarth's textbook of medical surgical nursing / (Record no. 357668)

[ view plain ]
MARC details
000 -LEADER
fixed length control field 00726nam a2200241Ia 4500
008 - FIXED-LENGTH DATA ELEMENTS--GENERAL INFORMATION
fixed length control field 180523s9999 xx 000 0 und d
020 ## - INTERNATIONAL STANDARD BOOK NUMBER
International Standard Book Number 0-7817-5266-3
050 ## - LIBRARY OF CONGRESS CALL NUMBER
Classification number MAIN RT 41
050 ## - LIBRARY OF CONGRESS CALL NUMBER
Item number .B78 2005 v.1
245 #0 - TITLE STATEMENT
Title Brunner & Suddarth's textbook of medical surgical nursing /
245 #0 - TITLE STATEMENT
Statement of responsibility, etc [edited by] Suzanne C. Smeltzer, Brenda G. Bare; and more than 50 contributors.
250 ## - EDITION STATEMENT
Edition statement 10th Edition
260 ## - PUBLICATION, DISTRIBUTION, ETC. (IMPRINT)
Place of publication, distribution, etc Springhouse, PA :
260 ## - PUBLICATION, DISTRIBUTION, ETC. (IMPRINT)
Name of publisher, distributor, etc Lippincott Williams & Wilkins.
260 ## - PUBLICATION, DISTRIBUTION, ETC. (IMPRINT)
Date of publication, distribution, etc 2005
300 ## - PHYSICAL DESCRIPTION
Extent 1071 pages :
300 ## - PHYSICAL DESCRIPTION
Other physical details illustrations ;
300 ## - PHYSICAL DESCRIPTION
Dimensions 26 cm.
440 ## - SERIES STATEMENT/ADDED ENTRY--TITLE
Volume number/sequential designation 1
500 ## - GENERAL NOTE
General note Includes bibliographical references and index.
650 ## - SUBJECT ADDED ENTRY--TOPICAL TERM
Topical term or geographic name as entry element Nursing.
650 ## - SUBJECT ADDED ENTRY--TOPICAL TERM
General subdivision Surgical nursing.
Holdings
Withdrawn status Lost status Damaged status Home library Current library Shelving location Date acquired Total Checkouts Full call number Barcode Date last seen Price effective from Koha item type
      South Mansfield College South Mansfield College   03/07/2005   MAIN RT 41 .B78 2005 v.1 SMC02427 05/23/2018 05/23/2018  

Brunner & Suddarth's textbook of medical surgical nursing /

APA

Brunner & Suddarth's textbook of medical surgical nursing. Springhouse, PA: .

Chicago

Brunner & Suddarth's textbook of medical surgical nursing. Springhouse, PA: .

Harvard

Brunner & Suddarth's textbook of medical surgical nursing. Springhouse, PA: .

MLA

Springhouse, PA: . .

  • Place hold
  • Print
  • Cite
  • Add to your cart (remove)
  • Save record
    BIBTEX Dublin Core MARCXML MARC (non-Unicode/MARC-8) MARC (Unicode/UTF-8) MARC (Unicode/UTF-8, Standard) MODS (XML) RIS
  • More searches
    Search for this title in:
    Other Libraries (WorldCat) Other Databases (Google Scholar) Online Stores (Bookfinder.com) Open Library (openlibrary.org)

Exporting to Dublin Core...

SOUTHVILLE LIBRARY

Southville International School and Colleges Library

1281 Tropical Ave. Cor. Luxembourg St., BF Homes International, Las Pinas City

Tel. No. 8256374 / 252358 Loc. 117/146

Powered by Koha